00418nam a2200145Ia 4500003000900000008004100009040001600050080001600066100002300082245008300105260003000188300001500218650002000233650001900253IN-BaIIA211028s9999 xx 000 0 eng d cIIA Library a517.52bRAI aRainville, Earl D. 0aInfinite seriescEarl D. Rainville  aNew YorkbMacmillanc1967 axii, 265p. aInfinite series aNASA Thesaurus